Tíz éve halott Radnóti Miklós
Elmentve itt :
| Szerző: | |
|---|---|
| Dokumentumtípus: | Cikk |
| Megjelent: |
1954-10-31
|
| Sorozat: | Délmagyarország
|
| Kulcsszavak: | Ünnepség, Radnóti Miklós |
| Online Access: | http://univ.bibl.u-szeged.hu/37282 |
| LEADER | 00489nab a2200169 i 4500 | ||
|---|---|---|---|
| 001 | univ37282 | ||
| 005 | 20171214105150.0 | ||
| 008 | 171214s1954 hu o 0|| zxx d | ||
| 040 | |a SZTE UnivHistória Repozitórium |b hun | ||
| 041 | |a zxx | ||
| 100 | 1 | |a Pósa Péter | |
| 245 | 1 | 0 | |a Tíz éve halott Radnóti Miklós |h [elektronikus dokumentum] / |c Pósa Péter |
| 260 | |c 1954-10-31 | ||
| 300 | |a 5 | ||
| 490 | 0 | |a Délmagyarország | |
| 561 | |a Egyetemi hirarchívum | ||
| 695 | |a Ünnepség, Radnóti Miklós | ||